[Event "Challenge"]
[Site "http://www.queenalice.com/game.php?id=216178"]
[Date "2007.5.25"]
[Round "-"]
[White "Jorge"]
[Black "welber"]
[Result "0-1"]
[WhiteElo "1440"]
[BlackElo "1757"]

1. e4 c5 2. Bc4 Nc6 3. c3 e6 4. Nf3 d5 5. exd5 exd5 6. Be2 Bg4 7. O-O Bd6 8. h3
Bh5 9. d4 Nge7 10. Ne5 Bg6 11. Nxg6 Nxg6 12. Re1 O-O 13. Be3 cxd4 14. cxd4 Nh4
15. g3 Nf5 16. Bg4 Qf6 17. Bf4 Bxf4 18. gxf4 Ncxd4 19. Nc3 Rad8 20. Re5 h6 21.
Nxd5 Qc6 22. Rc1 Qa6 23. Bxf5 f6 24. Nc7 Nxf5 25. Qb3+ Kh8 26. Nxa6 fxe5 27. Nc5
Nd4 28. Qd3 Rxf4 29. Ne6 Nf3+ 30. Kg2 Rxd3 31. Nxf4 exf4 32. Kf1 Nh4 33. Ke2
Rxh3 34. b4 f3+ 35. Kd2 Rh2 36. Rf1 g5 37. Ke3 Kg7 38. a4 Rh3 39. Ke4 Ng6 40.
Kd5 Rh4 41. Kd6 Rxb4 42. Ke6 Rxa4 43. Kf5 Nh4+ 44. Ke6 Ra5 45. Kd7 b5 46. Ke7 b4
47. Ke8 b3 48. Re1 b2 49. Re7+ Kg8 50. Rf7 b1=Q 51. Rf8+ Kg7 52. Rf7+ Kg6 53.
Ke7 Qb7+ 54. Ke6 Qxf7+ 0-1

[Event "Let's Play Chess!"]
[Site "http://www.queenalice.com/game.php?id=217608"]
[Date "2007.5.29"]
[Round "-"]
[White "welber"]
[Black "colognestar"]
[Result "0-1"]
[WhiteElo "1751"]
[BlackElo "2076"]

1. d4 d5 2. Nf3 Nf6 3. Nc3 Nbd7 4. Ne5 c5 5. dxc5 Nxe5 6. Bg5 e6 7. Be3 Nc6 8.
Bf4 Bxc5 9. e3 O-O 10. Bd3 h6 11. Qf3 e5 12. Bxh6 gxh6 13. Qg3+ Kh8 14. Qh4 Ng8
15. Qg3 Be6 16. O-O-O Qf6 17. f3 Bxe3+ 18. Kb1 Nb4 19. Rhe1 Bf4 20. Qf2 Nxd3 21.
Rxd3 Ne7 22. h4 Nf5 23. Nd1 Bg3 24. Qg1 Bxe1 25. Qxe1 d4 26. Nf2 Bc4 27. Ra3 Nd6
28. Ng4 Qe6 29. Nxe5 Rfe8 30. f4 Kh7 31. Ra4 f6 32. b3 Bb5 33. Rxd4 fxe5 34.
fxe5 Nf5 35. Rb4 Qxe5 36. Qd2 Rad8 37. Qc1 a5 38. Rg4 Be2 0-1

[Event "Challenge"]
[Site "http://www.queenalice.com/game.php?id=218004"]
[Date "2007.5.29"]
[Round "-"]
[White "welber"]
[Black "Dollar"]
[Result "0-1"]
[WhiteElo "1681"]
[BlackElo "1756"]

1. e4 e5 2. Nf3 Nc6 3. Bc4 Nd4 4. Nxe5 Qg5 5. Nxf7 Qxg2 6. Rf1 Qxe4+ 7. Qe2 Nxe2
8. Nd6+ Bxd6 9. Bxe2 Nf6 10. Kd1 O-O 11. Nc3 Qg2 12. d4 b5 13. Nxb5 Ba6 14. c4
Ne4 15. Be3 Nxf2+ 16. Kc2 Qe4+ 17. Kd2 Bb4+ 18. Nc3 Qg2 19. Rg1 Ne4+ 20. Kd3
Nf2+ 21. Kc2 Qxh2 22. Nd5 Ne4 23. Kd3 c5 24. dxc5 Bxc5 25. b4 Bxc4+ 26. Kxe4
Rae8+ 0-1

[Event "Let's Play Chess!"]
[Site "http://www.queenalice.com/game.php?id=219164"]
[Date "2007.6.1"]
[Round "-"]
[White "welber"]
[Black "CampbellMarcel"]
[Result "1-0"]
[WhiteElo "1706"]
[BlackElo "1898"]

1. d4 d5 2. Bf4 Nc6 3. e3 Nf6 4. Be2 e6 5. Nf3 Bd6 6. Be5 Bxe5 7. Nxe5 Nxe5 8.
dxe5 Ne4 9. Bf3 Qh4 10. g3 Qg5 11. Bxe4 dxe4 12. Qd4 Qf5 13. Nc3 c6 14. O-O-O
Qf3 15. Qd8# 1-0

[Event "AUTO-INT-484"]
[Site "http://www.queenalice.com/game.php?id=221696"]
[Date "2007.6.7"]
[Round "1"]
[White "Wecker"]
[Black "welber"]
[Result "1-0"]
[WhiteElo "1719"]
[BlackElo "1814"]

1. e4 Nf6 2. e5 Ne4 3. d3 Nc5 4. d4 Ne6 5. Nf3 d5 6. Nc3 Nc6 7. Bd3 Nexd4 8. O-O
Bg4 9. Be2 Nxf3+ 10. Bxf3 Bxf3 11. Qxf3 e6 12. Re1 Nd4 13. Qd3 Nc6 14. a4 Nb4
15. Qd2 Bc5 16. Qd1 d4 17. Ne4 Bb6 18. Bg5 Qc8 19. c3 dxc3 20. bxc3 Nd5 21. a5
Bxf2+ 22. Kxf2 c5 23. Nd6+ Kd7 24. Nxc8 Kxc8 25. Qb3 Kc7 26. Rab1 Rab8 27. c4
Nb4 28. Qf3 Kc8 29. Qxf7 Nd3+ 30. Kf1 Nxe1 31. Rxe1 a6 32. Qxe6+ Kc7 33. Qd6+
Kc8 34. Qxc5+ Kd7 35. e6+ 1-0

[Event "AUTO-INT-484"]
[Site "http://www.queenalice.com/game.php?id=221697"]
[Date "2007.6.7"]
[Round "1"]
[White "welber"]
[Black "Wecker"]
[Result "1/2-1/2"]
[WhiteElo "1816"]
[BlackElo "1704"]

1. d4 b5 2. Nf3 e6 3. g3 Bb7 4. Bg2 Nf6 5. Bg5 h6 6. Bxf6 Qxf6 7. Nc3 Bb4 8. O-O
Bxc3 9. bxc3 d6 10. Rb1 a6 11. c4 O-O 12. cxb5 Nd7 13. bxa6 Bxa6 14. Ne5 Rad8
15. Nc6 Rc8 16. d5 exd5 17. Qxd5 Bxe2 18. Rfe1 Rfe8 19. Be4 Bh5 20. Bf5 Ne5 21.
Nxe5 Qxf5 22. Re4 Rxe5 23. Rxe5 Qxe5 24. Qb7 Bg4 25. a4 Bh3 26. Qf3 Re8 27. Qd1
Qe4 28. f3 Qxa4 29. Qd3 Qd7 30. Qd5 Bf5 31. Rb2 Qa4 32. Ra2 Be6 33. Qxe6 Rxe6
34. Rxa4 c5 35. c4 g5 36. Kf2 f5 37. h3 h5 38. Ra7 Rg6 39. Rd7 g4 1/2-1/2

[Event "AUTO-INT-484"]
[Site "http://www.queenalice.com/game.php?id=221712"]
[Date "2007.6.7"]
[Round "1"]
[White "malcon_2006"]
[Black "welber"]
[Result "0-1"]
[WhiteElo "1468"]
[BlackElo "1762"]

1. e4 e5 2. Nf3 Nc6 3. Bd3 Nd4 4. Bc4 Bc5 5. d3 d6 6. Ng5 Ne6 7. Qf3 Nxg5 8.
Bxg5 Qxg5 9. Qxf7+ Kd8 10. Qf8+ Kd7 11. O-O b6 12. Qf7+ Ne7 13. Nc3 Bb7 14. Qe6+
Kd8 15. Nd5 Nxd5 16. exd5 Rf8 17. Bb5 Bc8 18. Qxc8+ Rxc8 19. Rae1 Qd2 20. c3
Rxf2 21. d4 Rxg2+ 22. Kh1 Rxh2+ 0-1

[Event "AUTO-INT-484"]
[Site "http://www.queenalice.com/game.php?id=221713"]
[Date "2007.6.7"]
[Round "1"]
[White "welber"]
[Black "malcon_2006"]
[Result "1-0"]
[WhiteElo "1788"]
[BlackElo "1468"]

1. d4 d5 2. Nc3 Be6 3. Bf4 Nf6 4. Nb5 Na6 5. Nf3 g6 6. Ng5 Qd7 7. e3 Bf5 8. a3
Bg7 9. Nc3 O-O 10. Bxa6 bxa6 11. O-O Bg4 12. Qd2 Nh5 13. h3 Nxf4 14. exf4 Be6
15. Rae1 f6 16. Nxe6 Rf7 17. f5 gxf5 18. Qf4 Rc8 19. Re3 c5 20. Rfe1 cxd4 21.
Rg3 Rb8 22. Qxb8+ 1-0

[Event "AUTO-INT-484"]
[Site "http://www.queenalice.com/game.php?id=221722"]
[Date "2007.6.7"]
[Round "1"]
[White "Kritikos"]
[Black "welber"]
[Result "0-1"]
[WhiteElo "1743"]
[BlackElo "1768"]

1. d4 d5 2. c4 dxc4 3. e4 b5 4. Nc3 c6 5. d5 Nf6 6. Bg5 b4 7. Bxf6 bxc3 8. Bxc3
Ba6 9. Qa4 Bb5 10. Qc2 cxd5 11. Rd1 Qb6 12. exd5 e6 13. dxe6 Qxe6+ 14. Be2 Na6
15. Nf3 Bb4 16. Bxb4 Nxb4 17. Qc3 Nd3+ 18. Kf1 O-O 19. Nd4 Qa6 20. Nxb5 Qxb5 21.
Bxd3 cxd3 22. Rd2 Rac8 0-1

[Event "AUTO-INT-484"]
[Site "http://www.queenalice.com/game.php?id=221723"]
[Date "2007.6.7"]
[Round "1"]
[White "welber"]
[Black "Kritikos"]
[Result "0-1"]
[WhiteElo "1839"]
[BlackElo "1699"]

1. d4 Nf6 2. Bf4 Nd5 3. Bg3 e6 4. e3 Nc6 5. Bc4 Be7 6. Bxd5 exd5 7. Nc3 Bb4 8.
Ne2 O-O 9. O-O Be7 10. Nxd5 d6 11. Nef4 a6 12. e4 Re8 13. e5 dxe5 14. dxe5 Nxe5
15. Nxe7+ Qxe7 16. Re1 Bg4 17. Qd2 Rad8 18. Qc3 f6 19. Qb3+ Kh8 20. h3 Bc8 21.
Re4 Qf8 22. Rae1 b5 23. Nh5 Bf5 24. R4e2 c5 25. Qf3 Nxf3+ 26. gxf3 Bxh3 27. Bd6
Qf7 28. Nxg7 Qxg7+ 29. Bg3 Rxe2 30. Rxe2 Rd1+ 31. Kh2 Qh6 32. Re8+ Kg7 33. Re7+
Kg6 34. Bc7 Bg4+ 35. Kg3 Rg1# 0-1

[Event "AUTO-ADV-533"]
[Site "http://www.queenalice.com/game.php?id=228895"]
[Date "2007.6.22"]
[Round "1"]
[White "CampbellMarcel"]
[Black "welber"]
[Result "0-1"]
[WhiteElo "500"]
[BlackElo "1812"]

1. e4 e5 2. Bc4 Nf6 3. Nc3 Bc5 4. Nf3 Ng4 5. O-O Nxf2 6. Rxf2 Bxf2+ 7. Kxf2 Nc6
8. d3 d6 9. Nd5 Nd4 10. Bg5 Qd7 11. c3 Ne6 12. Bh4 Qc6 13. Qd2 f6 14. a4 a6 15.
Nxf6+ gxf6 16. Bxf6 Rf8 17. Qh6 Qb6+ 18. d4 Qxb2+ 19. Be2 Qxa1 20. Qxh7 Rxf6 21.
dxe5 dxe5 22. Qh8+ Rf8 0-1

[Event "AUTO-ADV-533"]
[Site "http://www.queenalice.com/game.php?id=228896"]
[Date "2007.6.22"]
[Round "1"]
[White "welber"]
[Black "CampbellMarcel"]
[Result "1-0"]
[WhiteElo "1807"]
[BlackElo "1815"]

1. d4 f5 2. Bg5 h6 3. Bf4 g5 4. Bd2 Nf6 5. Nc3 c6 6. e3 d6 7. d5 cxd5 8. Nxd5
Nxd5 9. Bb5+ Nc6 10. Ne2 a6 11. Ba4 b5 12. Bb3 Ndb4 13. Nd4 Nxd4 14. Bxb4 Nxb3
15. axb3 a5 16. O-O Bb7 17. Bc3 Rg8 18. Qh5+ Kd7 19. Qf7 1-0

[Event "AUTO-ADV-533"]
[Site "http://www.queenalice.com/game.php?id=228911"]
[Date "2007.6.22"]
[Round "1"]
[White "jared"]
[Black "welber"]
[Result "0-1"]
[WhiteElo "1738"]
[BlackElo "1825"]

1. d4 d5 2. Nf3 c5 3. c3 Nc6 4. Bf4 Bf5 5. e3 e6 6. Bb5 Nf6 7. Bxc6+ bxc6 8. Qa4
Qb6 9. b3 cxd4 10. exd4 Ne4 11. Ne5 Rc8 12. f3 Nd6 13. Nd2 Be7 14. O-O Nb5 15.
Nb1 Bxb1 16. c4 Qxd4+ 17. Kh1 Qxa1 18. cxb5 Bd6 19. Qxa7 Bxe5 20. Bxe5 Qxe5 21.
bxc6 Qd6 22. Rc1 Bd3 23. Qb7 O-O 24. a4 Rb8 25. Qa7 Rfc8 26. Rc3 Ra8 27. Qe3 Ba6
28. Qb6 Rcb8 29. Qd4 Rb4 30. Qd2 d4 31. Rc1 Rxb3 0-1

[Event "AUTO-ADV-533"]
[Site "http://www.queenalice.com/game.php?id=228912"]
[Date "2007.6.22"]
[Round "1"]
[White "welber"]
[Black "jared"]
[Result "1-0"]
[WhiteElo "1792"]
[BlackElo "1705"]

1. c4 e5 2. Nc3 f5 3. d3 Bb4 4. Bd2 Nc6 5. e3 b6 6. Be2 Bb7 7. Nf3 d6 8. Nd5
Bxd2+ 9. Qxd2 Nf6 10. Ng5 Nxd5 11. cxd5 Ne7 12. Ne6 Qd7 13. Nxg7+ Kf8 14. Ne6+
Kf7 15. e4 f4 16. Bh5+ Ng6 17. Qe2 Ke7 18. Qg4 Rag8 19. O-O c6 20. Rac1 Nf8 21.
Qh4+ 1-0

[Event "AUTO-ADV-533"]
[Site "http://www.queenalice.com/game.php?id=228923"]
[Date "2007.6.22"]
[Round "1"]
[White "welber"]
[Black "frigiliana"]
[Result "0-1"]
[WhiteElo "1791"]
[BlackElo "2142"]

1. c4 g5 2. Nc3 Bg7 3. d4 g4 4. e4 d6 5. g3 e5 6. d5 h5 7. Be3 h4 8. Be2 hxg3 9.
fxg3 Nf6 10. Bg5 Qd7 11. Qc2 Na6 12. Bd3 Nb4 13. Qd2 Nxd3+ 14. Qxd3 Nh7 15. Be3
a6 16. O-O-O Qe7 17. Rf1 Bd7 18. Nd1 O-O-O 19. Qb3 Ng5 20. Nc3 Rdf8 21. Nge2 Kb8
22. Na4 Nxe4 23. Kc2 f5 24. Nec3 Nxc3 25. Nxc3 Bh6 26. Bf2 f4 27. Kb1 Qh7+ 28.
Ka1 Qd3 29. Rd1 Qf3 30. Rhf1 fxg3 31. Ba7+ Kxa7 32. Rxf3 gxf3 33. hxg3 f2 34.
Rf1 Bh3 35. Rxf2 Rxf2 36. a4 Rhf8 0-1

[Event "AUTO-ADV-533"]
[Site "http://www.queenalice.com/game.php?id=228924"]
[Date "2007.6.22"]
[Round "1"]
[White "frigiliana"]
[Black "welber"]
[Result "1-0"]
[WhiteElo "2125"]
[BlackElo "1794"]

1. e4 e5 2. Nf3 Nc6 3. d4 exd4 4. c3 dxc3 5. Nxc3 Bc5 6. Bc4 d6 7. O-O Bg4 8.
Na4 Nd4 9. Bxf7+ Kf8 10. Nxc5 dxc5 11. Bc4 Bxf3 12. gxf3 Qh4 13. Be3 Rd8 14. Kh1
Nf6 15. Rg1 Qh5 16. Rg3 g6 17. Bf4 Kg7 18. Bxc7 Rd7 19. Bf4 Rhd8 20. Rc1 Nf5 21.
Qg1 Nxg3+ 22. Qxg3 Rd1+ 23. Kg2 Rxc1 24. Bxc1 b5 25. Bxb5 Rf8 26. Bc4 Re8 27.
Qc7+ Kh8 28. Qxa7 Nxe4 29. Qf7 Rd8 30. Qe7 Ra8 31. b4 g5 32. Bb2+ Nc3 33. Bxc3#
1-0

[Event "Challenge 2, a Revanche"]
[Site "http://www.queenalice.com/game.php?id=567548"]
[Date "2009.4.6"]
[Round "-"]
[White "leoarthur"]
[Black "welber"]
[Result "1/2-1/2"]
[WhiteElo "2097"]
[BlackElo "1797"]

1. e4 e5 2. Nf3 d6 3. Nc3 Bg4 4. Bc4 Nf6 5. O-O Be7 6. Nd5 Nxe4 7. Nxe7 Qxe7 8.
Bd5 Nc5 9. b4 c6 10. Bxf7+ Qxf7 11. bxc5 O-O 12. Nxe5 Bxd1 13. Nxf7 Rxf7 14.
Rxd1 dxc5 15. Rb1 b5 16. d3 Nd7 17. Be3 Raf8 18. a4 b4 19. a5 Rf5 20. g4 Rf3 21.
d4 Nf6 22. Rf1 Nxg4 23. dxc5 Nxe3 24. fxe3 Rxe3 25. Rxf8+ Kxf8 26. Rxb4 Rc3 27.
Rb8+ Kf7 28. Rb7+ Kf6 29. Rxa7 Rxc2 30. Rc7 Rxc5 31. a6 Ra5 32. Rxc6+ Kf5 33.
Rc7 Rxa6 34. Rxg7 Rg6+ 1/2-1/2

[Event "AUTO-ADV-1282"]
[Site "http://www.queenalice.com/game.php?id=567988"]
[Date "2009.4.7"]
[Round "1"]
[White "paloberto"]
[Black "welber"]
[Result "0-1"]
[WhiteElo "1652"]
[BlackElo "1789"]

1. e4 e5 2. Nf3 Nc6 3. Bb5 Bd6 4. O-O Nd4 5. Nxd4 exd4 6. d3 c6 7. Bc4 Bc7 8.
Qg4 g6 9. Re1 Nf6 10. Qf3 O-O 11. e5 d5 12. exd6 Qxd6 13. g3 Bg4 14. Qg2 Rae8
15. Rxe8 Rxe8 16. Bf4 Re1+ 17. Qf1 Rxf1+ 18. Kxf1 Qb4 19. b3 Bxf4 20. a3 Qe7 21.
gxf4 Bh3+ 0-1

[Event "AUTO-ADV-1282"]
[Site "http://www.queenalice.com/game.php?id=567989"]
[Date "2009.4.7"]
[Round "1"]
[White "welber"]
[Black "paloberto"]
[Result "0-1"]
[WhiteElo "1825"]
[BlackElo "1718"]

1. d4 Nc6 2. c4 d6 3. d5 Ne5 4. e4 Nf6 5. Nd2 e6 6. Be2 Be7 7. Ngf3 O-O 8. Nxe5
dxe5 9. O-O exd5 10. cxd5 b6 11. Nf3 Qd6 12. Bd3 a6 13. b3 c6 14. dxc6 Qxc6 15.
Nxe5 Qc7 16. Bb2 Rd8 17. Qf3 Bd6 18. Rac1 Qe7 19. Nc6 Qd7 20. Nxd8 Qxd8 21. Bxf6
gxf6 22. Qh5 Qf8 23. e5 f5 24. exd6 Bd7 0-1

[Event "AUTO-ADV-1282"]
[Site "http://www.queenalice.com/game.php?id=568002"]
[Date "2009.4.7"]
[Round "1"]
[White "Evandrobit"]
[Black "welber"]
[Result "1-0"]
[WhiteElo "2164"]
[BlackElo "1809"]

1. e4 e5 2. Nf3 d6 3. Bc4 Nf6 4. Ng5 d5 5. exd5 Bd6 6. Nc3 Bg4 7. f3 Bf5 8. Bb5+
Nbd7 9. Nge4 Bxe4 10. fxe4 Bc5 11. d3 O-O 12. Qf3 a6 13. Bxd7 Qxd7 14. Qg3 Ng4
15. Rf1 Bf2+ 16. Rxf2 Nxf2 17. Qxf2 c6 18. Qg3 f5 19. Bd2 f4 20. Qg5 Rf7 21.
Qxe5 Qg4 22. Kf2 Qh4+ 23. Kg1 f3 24. Rf1 f2+ 25. Kh1 Raf8 26. dxc6 bxc6 27. Qg5
Qxg5 28. Bxg5 Rb8 29. b3 h5 30. Be3 a5 31. Rxf2 Rxf2 32. Bxf2 Kf7 33. Kg1 Ke6
34. Na4 Ke5 35. Bg3+ Kd4 36. Bxb8 g5 37. Kf2 c5 38. Ke2 h4 39. c3# 1-0

[Event "AUTO-ADV-1282"]
[Site "http://www.queenalice.com/game.php?id=568003"]
[Date "2009.4.7"]
[Round "1"]
[White "welber"]
[Black "Evandrobit"]
[Result "0-1"]
[WhiteElo "1805"]
[BlackElo "2009"]

1. d4 f5 2. c4 Nf6 3. Nc3 e6 4. Nf3 b6 5. Bg5 Bb7 6. e3 Bb4 7. Be2 O-O 8. O-O
Bxc3 9. bxc3 Qe8 10. Bxf6 Rxf6 11. d5 e5 12. Nh4 Na6 13. Nf3 Nc5 14. Ng5 Qe7 15.
f4 Re8 16. Rb1 exf4 17. Rxf4 Qxe3+ 18. Rf2 Qxg5 19. Rf3 Re3 20. Qd2 f4 21. Re1
Rg6 22. Bf1 Rxf3 23. Kh1 Re3 24. Rb1 Ne4 25. Qc2 f3 26. Rb5 fxg2+ 0-1

[Event "AUTO-ADV-1282"]
[Site "http://www.queenalice.com/game.php?id=568012"]
[Date "2009.4.7"]
[Round "1"]
[White "welber"]
[Black "brainiac"]
[Result "1-0"]
[WhiteElo "1813"]
[BlackElo "1719"]

1. d4 e6 2. c4 Nf6 3. Nc3 Bb4 4. e3 O-O 5. Bd3 Nc6 6. e4 Nxd4 7. e5 Ne8 8. Nh3
Bxc3+ 9. bxc3 Nf5 10. O-O d6 11. Be4 Ne7 12. Bxh7+ Kxh7 13. Ng5+ Kg6 14. Qg4 1-0

[Event "AUTO-ADV-1282"]
[Site "http://www.queenalice.com/game.php?id=568013"]
[Date "2009.4.7"]
[Round "1"]
[White "brainiac"]
[Black "welber"]
[Result "0-1"]
[WhiteElo "1732"]
[BlackElo "1800"]

1. e4 e5 2. Nf3 d6 3. Nc3 Be7 4. d4 exd4 5. Qxd4 Nc6 6. Qxg7 Bf6 7. Qg3 Nb4 8.
Bd3 Nxd3+ 9. cxd3 Ne7 10. Bg5 Rg8 11. Qh4 Bxg5 12. Nxg5 Nc6 0-1